Falconer under fire (Record no. 70273)

MARC details
000 -LEADER
fixed length control field 01087cam a2200229 4500
001 - CONTROL NUMBER
control field WB3818-18
008 - FIXED-LENGTH DATA ELEMENTS--GENERAL INFORMATION
fixed length control field 020516n2002 000 0 eng u
035 ## - SYSTEM CONTROL NUMBER
System control number (Sirsi) u117989
245 ## - TITLE STATEMENT
Title Falconer under fire
260 ## - PUBLICATION, DISTRIBUTION, ETC.
Date of publication, distribution, etc. 2002
490 ## - SERIES STATEMENT
Series statement Inside Housing
Volume/sequential designation 10 May 2002, (1)
520 ## - SUMMARY, ETC.
Summary, etc. Figures show number of possession orders granted by the courts for social landlords increased 8.8% on the first quarter of 2001. Lord Falconer had recently argued that government was not on an 'eviction cruscade' stressing that the action was only used as a last resort. The Chartered Institute of Housing argued that pressure from the Housing Corporation to improve rent collection could have had an effect, but the National Housing Federation stressed that the proportion of tenants evicted remained very small.
590 ## - LOCAL NOTE (RLIN)
Local note WB
650 ## - SUBJECT ADDED ENTRY--TOPICAL TERM
Topical term or geographic name entry element LORD FALCONER
650 ## - SUBJECT ADDED ENTRY--TOPICAL TERM
Topical term or geographic name entry element INSIDE HOUSING
650 ## - SUBJECT ADDED ENTRY--TOPICAL TERM
Topical term or geographic name entry element LORD CHANCELLORS DEPARTMENT
650 ## - SUBJECT ADDED ENTRY--TOPICAL TERM
Topical term or geographic name entry element SHELTER
650 ## - SUBJECT ADDED ENTRY--TOPICAL TERM
Topical term or geographic name entry element HOUSING CORPORATION
650 ## - SUBJECT ADDED ENTRY--TOPICAL TERM
Topical term or geographic name entry element NATIONAL HOUSING FEDERATION
690 ## - LOCAL SUBJECT ADDED ENTRY--TOPICAL TERM (OCLC, RLIN)
Topical term or geographic name as entry element Affordable housing
9 (RLIN) 6215
942 ## - ADDED ENTRY ELEMENTS (KOHA)
Suppress in OPAC 0
Holdings
Withdrawn status Lost status Source of classification or shelving scheme Damaged status Not for loan Home library Current library Shelving location Date acquired Total Checkouts Full call number Barcode Date last seen Copy number Price effective from Koha item type
    Dewey Decimal Classification     London London News article 16/05/2002   WB3818-18 117989-1001 06/08/2019 1 06/08/2019 News article